El Marxismo y las peculiaridades del desarrollo del capitalismo en América Latina /

שמור ב:
מידע ביבליוגרפי
מחבר ראשי: Volski, Victor
פורמט: Texto
תגים: הוספת תג
אין תגיות, היה/י הראשונ/ה לתייג את הרשומה!

MARC

LEADER 00000 a a2200000 04500
001 607
003
040
100 |a Volski, Victor  
245 |a El Marxismo y las peculiaridades del desarrollo del capitalismo en América Latina /  |c Victor Volski 
773 |g número 11; páginas 4-15  
999 |c 31488  |d 31488